[Event "SVK-chT3A2 0809"]
[Site "Slovakia"]
[Date "2009.03.29"]
[Round "11.8"]
[White "Surab, Patrik"]
[Black "Valla, Tomas"]
[Result "0-1"]
[WhiteElo "1350"]
[BlackElo "1350"]
[PlyCount "56"]
[EventDate "2008.10.19"]
[EventType "team-tourn"]
[EventRounds "11"]
[EventCountry "SVK"]
[SourceTitle "EXT 2010"]
[Source "ChessBase"]
[SourceDate "2010.11.25"]
[SourceVersion "1"]
[SourceVersionDate "2010.11.25"]
[SourceQuality "1"]
[WhiteTeam "Hlohovec SK Zentiva III"]
[BlackTeam "Gbely Nafta"]
[WhiteTeamCountry "SVK"]
[BlackTeamCountry "SVK"]

1. e4 c5 2. Nf3 d6 3. d4 cxd4 4. Nxd4 Nf6 5. Nc3 g6 6. Be2 Bg7 7. 0-0 0-0 8. Be3 Nc6 9. f4 Bd7 10. Bf3 Rc8 11. Qd2 Na5 12. b3 Qc7 13. Ndb5 Bxb5 14. Nxb5 Qd8 15. c4 Nc6 16. Rfc1 a6 17. Na3 Nd7 18. Nc2 Bxa1 19. Rxa1 Qa5 20. Qxa5 Nxa5 21. Rc1 b5 22. cxb5 axb5 23. b4 Nc4 24. Kf2 Rc7 25. a4 bxa4 26. b5 Rfc8 27. Be2 Nxe3 28. Kxe3 Rxc2 0-1